书目信息 |
| 题名: |
月朦胧 鸟朦胧
|
|
| 作者: | 琼瑶 著 | |
| 分册: | ||
| 出版信息: | 北京 作家出版社 1988 |
|
| 页数: | 212页 | |
| 开本: | 19cm | |
| 丛书名: | ||
| 单 册: | ||
| 中图分类: | I247.5 , I247.57 | |
| 科图分类: | ||
| 主题词: | 长篇小说--中国--现代 | |
| 电子资源: | ||
| ISBN: | 7-5063-0149-0 | |
| 000 | 00676nam0 2200253 450 | |
| 001 | 0185001825 | |
| 005 | 20100713054823.0 | |
| 010 | @a7-5063-0149-0@dCNY1.80 | |
| 011 | @a7-5063-0149-0 | |
| 100 | @a20020524d1988 em y0chiy0110 ea | |
| 101 | 0 | @achi |
| 102 | @aCN@b110000 | |
| 105 | @ay z 000ay | |
| 106 | @ar | |
| 200 | 1 | @a月朦胧 鸟朦胧@9Yue Meng Long Niao;Diao Meng Long @f琼瑶著 |
| 210 | @a北京@c作家出版社@d1988 | |
| 215 | @a212页@d19cm | |
| 310 | @a北京市文化局赠书 | |
| 606 | 0 | @a长篇小说@y中国@z现代 |
| 690 | @aI247.5@v4 | |
| 690 | @aI247.57@v4 | |
| 701 | 0 | @a琼瑶@9qiong yao@4著 |
| 801 | 0 | @aCN@bAzMarc@c20130904 |
| 905 | @aBZT@dI24@e124@f1@sI24/124 | |
| 月朦胧 鸟朦胧/琼瑶著.-北京:作家出版社,1988 |
| 212页;19cm |
| ISBN 7-5063-0149-0:CNY1.80 |
| ● |
| 相关链接 |
|
|
|
正题名:月朦胧 鸟朦胧
索取号:I24/124
 
预约/预借
| 序号 | 登录号 | 条形码 | 馆藏地/架位号 | 状态 | 备注 |
| 1 | 2000101045 | 2000101045 | 旧书回溯/ [索取号:I24/124] | 在馆 |